| 000 -LEADER | |
|---|---|
| fixed length control field | 00384nam a22001577a 4500 |
| 005 - DATE AND TIME OF LATEST TRANSACTION | |
| control field | 20170909112824.0 |
| 008 - FIXED-LENGTH DATA ELEMENTS--GENERAL INFORMATION | |
| fixed length control field | 170909b xxu||||| |||| 00| 0 eng d |
| 020 ## - INTERNATIONAL STANDARD BOOK NUMBER | |
| ISBN | 978-81-272-5090-4 |
| 041 ## - LANGUAGE CODE | |
| Language code of text/sound track or separate title | eng |
| 082 ## - DEWEY DECIMAL CLASSIFICATION NUMBER | |
| Classification number | 636.5 |
| 100 ## - MAIN ENTRY--AUTHOR NAME | |
| Personal name | SINGH, R.A. |
| 245 ## - TITLE STATEMENT | |
| Title | POULTRY PRODUCTION |
| Statement of responsibility, etc | R.A.SINGH |
| 260 ## - PUBLICATION, DISTRIBUTION, ETC. (IMPRINT) | |
| Place of publication | LUDHIYANA |
| Name of publisher | KALYANI PUBLISHERS |
| Year of publication | 1981 |
| 300 ## - PHYSICAL DESCRIPTION | |
| Number of Pages | 324p. |
| 942 ## - ADDED ENTRY ELEMENTS (KOHA) | |
| Koha item type | Books |
| Lost status | Damaged status | Collection code | Home library | Current library | Shelving location | Date acquired | Source of acquisition | Cost, normal purchase price | Full call number | Accession Number | Koha item type |
|---|---|---|---|---|---|---|---|---|---|---|---|
| AGRICULTURE | JRU Library | JRU Library | SHELF-43-B | 09/09/2017 | PURCHESS | 275.00 | 636.5 | 21882 | Books | ||
| AGRICULTURE | JRU Library | JRU Library | SHELF-43-B | 09/09/2017 | PURCHESS | 275.00 | 636.5 | 21883 | Books | ||
| AGRICULTURE | JRU Library | JRU Library | SHELF-43-B | 09/09/2017 | PURCHESS | 275.00 | 636.5 | 21884 | Books | ||
| AGRICULTURE | JRU Library | JRU Library | SHELF-43-B | 09/09/2017 | PURCHESS | 275.00 | 636.5 | 21885 | Books | ||
| Reference | JRU Library | JRU Library | SHELF-2-D | 09/09/2017 | PURCHESS | 275.00 | 636.5 | 21886 | Books |